| 000 | 00375nam a2200133Ia 4500 | ||
|---|---|---|---|
| 020 | _a978-979-518-550-5 | ||
| 084 | _a128-0207 SYA Gov Bo.1 | ||
| 100 | _aInu Kencana Syafi'ie | ||
| 245 | 0 | _aSistem Pemerintahan Indonesia | |
| 260 |
_aJakarta _bRineka Cipta _c2011 |
||
| 300 | _ai-x + 140 hlm | ||
| 650 |
_aGovernment, Pemerintahan _eG-O-V _vSistem Pemerintahan |
||
| 942 |
_cBK _02 |
||
| 999 |
_c23033 _d23024 |
||